000
00304nam a2200109Ia 4500
008
190216s9999||||xx |||||||||||||| ||und||
100
_a
"Wood.H,Kanan.W,Bull.E"
245
0
_a
Fundamentals Of College Chemistry
260
_b
Harper International Std
650
_a
Chemistry & Allied Sciences
942
_c
BK
999
_c
1939
_d
1939